00348nam a2200121Ia 4500008004100000020001800041041000800059082001300067100002100080245005900101260005800160300000800218220803s9999 xx 000 0 und d a9789391558369 aeng a891.8SAH aSahastrabuddhe J aBharatiy Swatatrya Sangram Ani Vidnyan .-9789391558369 b"Bharatiya Vichar Sadhana Prakashan Pune, Pune"c2021 a40p